[Event "2020 Server N. American Champ., Clas C-Rd 1, S03011"]
[Site "CCLA"]
[Date "2020.04.25"]
[Round "?"]
[White "Cangelosi, Dominic"]
[Black "Hodgkins, Neil C."]
[Result "0-1"]
[WhiteElo "1391"]
[BlackElo "1402"]

1. d4 Nf6 2. c4 d5 3. Nc3 b6 4. Nf3 c5 5. cxd5 Nxd5 6. Qa4+ Bd7 7. Qc4 Bc6
8. e4 Nc7 9. Ne5 e6 10. Nxc6 Nxc6 11. d5 exd5 12. exd5 Nd4 13. Bd3 b5 14. 
Nxb5 Ncxb5 15. Be3 Bd6 16. Bxd4 Nxd4 17. O-O O-O 18. b4 Qc7 19. Rac1 Qb6 
20. bxc5 Bxc5 21. Qxc5 Qxc5 22. Rxc5 Rfd8 23. Ba6 Rd6 24. Rfc1 g6 25. f3 
Rxa6 26. Rc8+ Rxc8 0-1

[Event "NA Class C Champ, Rd 1, S03021"]
[Site "CCLA"]
[Date "2020.04.25"]
[Round "?"]
[White "Siegfried, Will"]
[Black "Gunning, Edward E."]
[Result "1-0"]
[WhiteElo "1605"]
[BlackElo "1516"]

1. e4 c5 2. Nf3 Nc6 3. d4 e6 4. Nc3 d5 5. exd5 exd5 6. Bb5 Be6 7. O-O a6 
8. Bxc6+ bxc6 9. Ng5 Nf6 10. Re1 Qd7 11. Qe2 cxd4 12. Nxe6 fxe6 13. Nb1 
Kf7 14. Nd2 Bb4 15. a3 Ba5 16. b4 Bb6 17. Nf3 Ke7 18. Ng5 Ne4 19. Nxe4 
dxe4 20. Qxe4 Qd6 21. Bf4 Qd5 22. Qxd5 cxd5 23. Be5 Rhg8 24. Rad1 Rac8 25.
 Re2 Rc4 26. Kf1 g6 27. Ke1 Rf8 28. Rd3 Rf5 29. f4 Rh5 30. g3 Rf5 31. Red2
g5 32. Bxd4 Bxd4 33. Rxd4 Rc3 34. R4d3 Rc4 35. fxg5 Rxg5 36. Kd1 Rf5 37. 
c3 Rf1+ 38. Kc2 Rc8 39. Kb3 Kd6 40. Rc2 Rc4 41. Rg2 e5 42. g4 e4 43. Re3 
Ke5 44. a4 Kf4 45. Ree2 Kf3 46. Rd2 Rd1 47. Rxd1 Kxg2 48. Rxd5 e3 49. Kxc4
e2 50. Re5 1-0

[Event "NA Class C Champ, Rd 1, S03021"]
[Site "CCLA"]
[Date "2020.04.25"]
[Round "?"]
[White "Siegfried, Will"]
[Black "Acebo, Brian"]
[Result "1-0"]
[WhiteElo "1605"]
[BlackElo "1424"]

1. e4 c5 2. Nf3 Nc6 3. d4 cxd4 4. Nxd4 Nf6 5. Nc3 a6 6. Nxc6 bxc6 7. e5 
Ng8 8. Bc4 e6 9. O-O Bc5 10. Qg4 g6 11. Ne4 Bb7 12. Nxc5 Bc8 13. Ne4 Bb7 
14. Bg5 Qc7 15. Nf6+ Nxf6 16. Bxf6 Rf8 17. Rad1 c5 18. Qg5 a5 19. Qh6 Qc6 
20. f3 Ba6 21. Bxa6 Rxa6 22. Qxh7 1-0

[Event "NA Class C Champ, Rd 1, S03021"]
[Site "CCLA"]
[Date "2020.04.25"]
[Round "?"]
[White "Siegfried, Will"]
[Black "Sanchez, David A."]
[Result "1/2-1/2"]
[WhiteElo "1605"]
[BlackElo "1414"]

1. e4 e5 2. Bc4 Nf6 3. d3 c6 4. Bb3 d5 5. Nf3 Bd6 6. exd5 Nxd5 7. O-O O-O 
8. Re1 Re8 9. Bg5 Qc7 10. Nbd2 Bg4 11. h3 Be6 12. Ne4 Nd7 13. Nxd6 Qxd6 
14. Qd2 f6 15. Bh4 Nf4 16. Bxe6+ Nxe6 17. Rad1 c5 18. c3 Rad8 19. Bg3 Qa6 
20. a3 b5 1/2-1/2

[Event "NA Class C Champ, Rd 1, S03021"]
[Site "CCLA"]
[Date "2020.04.25"]
[Round "?"]
[White "Gunning, Edward E."]
[Black "Siegfried, Will"]
[Result "1/2-1/2"]
[WhiteElo "1516"]
[BlackElo "1605"]

1. d4 f5 2. Nc3 d5 3. Nf3 Nf6 4. e3 g6 5. g3 Bg7 6. Bg2 O-O 7. O-O c6 8. 
b3 h6 9. Ne5 Qe8 10. Qd3 Be6 11. h3 Nbd7 12. f4 Nxe5 13. dxe5 Ne4 14. Nxe4
fxe4 15. Qe2 Qd7 16. Kh2 b5 17. Bb2 a5 18. g4 c5 19. Kg3 a4 20. h4 axb3 
21. axb3 Rfd8 22. f5 gxf5 23. gxf5 Bxf5 24. Qh5 Be6 25. Qg6 Rxa1 26. Rxa1 
Rc8 27. Ra7 Qxa7 28. Qxe6+ Kh7 29. Qxc8 Qa2 30. Qxc5 Qxb2 31. Qxd5 Qxe5+ 
32. Qxe5 Bxe5+ 33. Kg4 b4 34. Bxe4+ Kg7 35. Kf5 Bf6 36. h5 Bg5 37. Ke6 Kf8
38. Kf5 Bxe3 39. Ke6 1/2-1/2

[Event "NA Class C Champ, Rd 1, S03021"]
[Site "CCLA"]
[Date "2020.04.25"]
[Round "?"]
[White "Gunning, Edward E."]
[Black "Acebo, Brian"]
[Result "1-0"]
[WhiteElo "1516"]
[BlackElo "1424"]

1. d4 d5 2. Nc3 e6 3. Nf3 c5 4. e4 dxe4 5. Nxe4 cxd4 6. Nxd4 Be7 7. Bb5+ 
Bd7 8. O-O a6 9. Bxd7+ Qxd7 10. c3 Nf6 11. Qf3 Nxe4 12. Qxe4 O-O 13. Qg4 
Bf6 14. Rd1 Rd8 15. Be3 Nc6 16. Nxc6 Qxc6 17. Bg5 Bxg5 18. Qxg5 Rd7 19. 
Rd2 Rxd2 20. Qxd2 h6 21. Rd1 Re8 22. Qd7 Qxd7 23. Rxd7 Rb8 24. g4 g5 25. 
f3 Kf8 26. Kg2 Ke8 27. Rc7 b5 28. b4 Rb6 29. Kg3 Rd6 30. Rc8+ Ke7 31. Ra8 
e5 32. h4 Rc6 33. Rh8 Rxc3 34. Rxh6 gxh4+ 35. Rxh4 Rc2 36. Rh5 f6 37. a3 
Rc3 38. g5 fxg5 39. Kg4 Rxa3 40. Rxg5 Ke6 41. Rg6+ Kd5 42. Rg5 Kd4 43. Kg3
Rb3 44. Rg4+ Kd5 45. Re4 Rd3 46. Kg4 Ra3 47. Kg3 Rc3 48. Kg4 Rc4 49. Kf5 
Rxe4 50. fxe4+ Kd6 51. Kf6 1-0

[Event "NA Class C Champ, Rd 1, S03021"]
[Site "CCLA"]
[Date "2020.04.25"]
[Round "?"]
[White "Gunning, Edward E."]
[Black "Sanchez, David A."]
[Result "0-1"]
[WhiteElo "1516"]
[BlackElo "1414"]

1. d4 d5 2. Nf3 Nf6 3. Nc3 c5 4. Bg5 e6 5. e3 Be7 6. dxc5 Qa5 7. Qd2 Bd7 
8. a3 Qxc5 9. b4 Qb6 10. Ne5 Nc6 11. Nxd7 Nxd7 12. Bxe7 Nxe7 13. Bb5 Nc6 
14. Bxc6 Qxc6 15. O-O Rc8 16. Qd4 Qxc3 17. Qxa7 Rb8 18. Qa4 Qc6 19. b5 Qc5
20. Qb3 O-O 21. a4 b6 22. f4 Rfc8 23. Ra2 Qc3 24. Rb1 Qxb3 25. Rxb3 Ra8 
26. Rba3 Ra5 27. Rd3 Rc4 28. Rd4 Nc5 29. Rxc4 dxc4 30. Rb2 Rxa4 31. g3 c3 
32. Rb1 Kf8 33. Kg2 Ra2 34. Rc1 Rb2 35. h4 Nd3 36. Ra1 Rxc2+ 37. Kf3 Rb2 
38. Ke4 Nb4 39. Kd4 c2 40. Rc1 Na2 0-1

[Event "NA Class C Champ, Rd 1, S03021"]
[Site "CCLA"]
[Date "2020.04.25"]
[Round "?"]
[White "Acebo, Brian"]
[Black "Siegfried, Will"]
[Result "0-1"]
[WhiteElo "1424"]
[BlackElo "1605"]

1. e4 e6 2. d4 d5 3. Nd2 c5 4. Ngf3 cxd4 5. Nxd4 Nf6 6. e5 Nfd7 7. N2f3 
Nc6 8. Nxc6 bxc6 9. Bf4 Qb6 10. b3 Bc5 11. Qd2 O-O 12. Bd3 Ba6 13. O-O 
Bxd3 14. Qxd3 f6 15. exf6 Rxf6 16. Bg5 Rf7 17. Bh4 h6 18. Rfe1 Re8 19. Re2
e5 20. Qd2 e4 21. Ne1 Ref8 22. c3 e3 23. Qc2 exf2+ 24. Bxf2 Rxf2 25. h3 
Rxe2+ 0-1

[Event "NA Class C Champ, Rd 1, S03021"]
[Site "CCLA"]
[Date "2020.04.25"]
[Round "?"]
[White "Acebo, Brian"]
[Black "Gunning, Edward E."]
[Result "0-1"]
[WhiteElo "1424"]
[BlackElo "1516"]

1. e4 c5 2. Nf3 Nc6 3. d4 e6 4. Be3 Nf6 5. e5 Ne4 6. c3 cxd4 7. cxd4 Be7 
8. Bd3 Bb4+ 9. Nbd2 Nxd2 10. Nxd2 d5 11. O-O O-O 12. a3 Be7 13. b4 f6 14. 
Nf3 Bd7 15. Ra2 f5 16. Bf4 g5 17. Be3 g4 18. Ne1 Bg5 19. f4 Bh6 20. g3 Qb6
21. Rc2 Nxd4 22. Bxd4 Qxd4+ 23. Kh1 Ba4 24. Qd2 Bxc2 25. Nxc2 Qb2 26. Bb5 
Rac8 27. Rc1 Rc3 28. Bd7 Rf7 29. Bxe6 d4 30. Bxf7+ Kxf7 31. e6+ Ke7 32. 
Qxd4 Qxc1+ 0-1

[Event "NA Class C Champ, Rd 1, S03021"]
[Site "CCLA"]
[Date "2020.04.25"]
[Round "?"]
[White "Acebo, Brian"]
[Black "Sanchez, David A."]
[Result "1-0"]
[WhiteElo "1424"]
[BlackElo "1414"]

1. e4 e5 2. Nf3 Nc6 3. Bb5 a6 4. Ba4 d6 5. h3 f5 6. Nc3 Nf6 7. d3 b5 8. 
Bb3 Be7 9. a3 Bb7 10. Be3 Qd7 11. Qd2 f4 12. Bxf4 exf4 13. Qxf4 O-O-O 14. 
Ng5 Rhf8 15. Be6 1-0

[Event "NA Class C Champ, Rd 1, S03021"]
[Site "CCLA"]
[Date "2020.04.25"]
[Round "?"]
[White "Sanchez, David A."]
[Black "Siegfried, Will"]
[Result "0-1"]
[WhiteElo "1414"]
[BlackElo "1605"]

1. d4 f5 2. g3 Nf6 3. Bg2 d6 4. Nf3 g6 5. O-O Bg7 6. c4 O-O 7. Nc3 Qe8 8. 
d5 Na6 9. Re1 Nc5 10. Nd2 e5 11. b4 Na6 12. a3 Bd7 13. e4 fxe4 14. Ncxe4 
Ba4 15. Qe2 h6 16. Bb2 Qe7 17. Nf3 Be8 18. Rac1 Nb8 19. c5 Nxe4 20. Qxe4 
Nd7 21. Nd4 Nf6 22. cxd6 cxd6 23. Qc2 Bf7 24. Ne6 Rfc8 25. Qe2 Rab8 26. 
Nxg7 Kxg7 27. Qd3 Rc7 28. f4 Rxc1 29. Rxc1 exf4 30. Rf1 Rf8 31. Rxf4 Be8 
32. Bxf6+ Rxf6 33. Qd4 b6 34. Qxf6+ Qxf6 35. Rxf6 Kxf6 36. Kf2 Bf7 37. Be4
Ke5 38. Ke3 g5 39. Kf3 Bxd5 0-1

[Event "NA Class C Champ, Rd 1, S03021"]
[Site "CCLA"]
[Date "2020.04.25"]
[Round "?"]
[White "Sanchez, David A."]
[Black "Gunning, Edward E."]
[Result "1/2-1/2"]
[WhiteElo "1414"]
[BlackElo "1516"]

1. e4 c5 2. b4 e5 3. Nf3 d6 4. bxc5 dxc5 5. Bc4 f6 6. O-O Nc6 7. c3 Bd6 8.
 Ba3 Nh6 9. Bd5 Qd7 10. Re1 Na5 11. d4 Qc7 12. Nbd2 Bd7 13. Nb3 Ba4 14. 
Qc1 Nxb3 15. axb3 Bb5 16. Qe3 exd4 17. cxd4 O-O-O 18. g3 Ng4 19. Be6+ Bd7 
20. Bxg4 Bxg4 21. dxc5 Be5 22. Nxe5 Qxe5 23. c6 b6 24. Kg2 Kc7 25. f3 Be6 
26. Rec1 Qb5 27. Be7 Rd3 28. Rxa7+ Kb8 29. Rb7+ Kc8 30. Qxd3 Qxd3 31. Ra1 
Qe2+ 32. Kg1 Qe3+ 33. Kg2 Qe2+ 34. Kg1 Qe3+ 1/2-1/2

[Event "NA Class C Champ, Rd 1, S03021"]
[Site "CCLA"]
[Date "2020.04.25"]
[Round "?"]
[White "Sanchez, David A."]
[Black "Acebo, Brian"]
[Result "1-0"]
[WhiteElo "1414"]
[BlackElo "1424"]

1. d4 d5 2. c4 dxc4 3. Nf3 e6 4. Qa4+ Bd7 5. Qxc4 Nf6 6. g3 g6 7. Bg2 Nc6 
8. O-O Bg7 9. Nc3 O-O 10. Re1 Na5 11. Qd3 Rb8 12. Bf4 a6 13. e4 Bc6 14. b3
b5 15. e5 Nd5 16. h4 Nxf4 17. gxf4 Ba8 18. h5 c6 19. hxg6 fxg6 20. Ng5 Qe7
21. Qh3 Rxf4 22. Qxe6+ Qxe6 23. Nxe6 Rf7 24. Rad1 Re8 25. Nc5 Ra7 26. Bh3 
Nb7 27. Bd7 Re7 28. Bxc6 Nd8 29. Bxa8 Rxa8 30. e6 Nc6 31. Ne2 a5 32. d5 
Ne5 33. Kg2 Ng4 34. d6 Ree8 35. d7 Reb8 36. e7 Kf7 37. d8=Q 1-0

[Event "2020 Server NA Class D Finals, S04009"]
[Site "CCLA"]
[Date "2020.12.31"]
[Round "?"]
[White "Czeizinger, Thomas"]
[Black "Harris, Jarrod"]
[Result "1/2-1/2"]
[WhiteElo "1280"]
[BlackElo "1454"]

1. e4 e6 2. d4 d5 3. Nc3 Bb4 4. Bd3 dxe4 5. Bxe4 Nf6 6. Bg5 Bxc3+ 7. bxc3 
O-O 8. Bxf6 Qxf6 9. Nf3 Nc6 10. O-O Qe7 11. d5 exd5 12. Qxd5 Be6 13. Qb5 
Rab8 14. Qh5 f5 15. Bxc6 bxc6 16. Rfe1 Qf6 17. Ng5 h6 18. Nxe6 Rfe8 19. 
Nd4 Rxe1+ 20. Rxe1 c5 21. Qxf5 cxd4 22. Qxf6 gxf6 23. cxd4 Kf8 24. g3 Rb2 
25. Re6 Kf7 26. Rc6 Rb7 27. Kg2 1/2-1/2

[Event "2020 Server NA Class D Finals, S04009"]
[Site "CCLA"]
[Date "2020.12.31"]
[Round "?"]
[White "Harris, Jarrod"]
[Black "Czeizinger, Thomas"]
[Result "1-0"]
[WhiteElo "1454"]
[BlackElo "1280"]

1. d4 Nf6 2. Nf3 g6 3. e3 Bg7 4. Bd3 O-O 5. O-O d6 6. c3 c5 7. Nbd2 Nc6 8.
 Qc2 Bf5 9. Bxf5 e6 10. Bd3 cxd4 11. exd4 Rc8 12. Re1 Nb4 13. Qb1 Nxd3 14.
 Qxd3 Nd5 15. Ne4 f5 16. Neg5 Re8 17. Nxe6 Qd7 18. Nxg7 Kxg7 19. Bd2 Kg8 
20. Rxe8+ Rxe8 21. Qc4 Qc6 22. Qb3 Re2 23. Re1 Rxe1+ 24. Bxe1 Kg7 25. Bd2 
b5 26. Qa3 Qb6 27. Qb3 Qc6 28. Qd1 Nf6 29. Qe2 Ne4 30. Ng5 h6 31. Nxe4 
fxe4 32. Qg4 d5 33. Qh4 g5 34. Qg4 a6 35. h4 Qg6 36. hxg5 hxg5 37. Qxg5 
Qxg5 38. Bxg5 Kg6 39. Be3 a5 40. Kh2 Kf5 41. Kh3 b4 42. cxb4 axb4 43. Kh4 
Ke6 44. g4 Kd6 45. Kh5 Kc6 46. Kh6 Kb5 47. b3 Kc6 48. g5 Kd6 49. g6 Ke6 
50. g7 Kf7 51. Kh7 Kf6 52. g8=Q Ke7 53. Qxd5 Kf8 54. Qb7 Ke8 55. Bg5 e3 
56. Qe7# 1-0

[Event "2020 Server NA Class D Finals, S04009"]
[Site "CCLA"]
[Date "2020.12.31"]
[Round "?"]
[White "Harris, Jarrod"]
[Black "Ritzmann, Andrew M."]
[Result "1/2-1/2"]
[WhiteElo "1454"]
[BlackElo "1170"]

1. d4 d5 2. Nf3 Nf6 3. e3 c5 4. c3 Nc6 5. Bd3 g6 6. O-O c4 7. Be2 Bg7 8. 
b3 Qc7 9. bxc4 e6 10. cxd5 exd5 11. c4 O-O 12. Nc3 Bf5 13. Bd3 Bxd3 14. 
Qxd3 Nb4 15. Qd2 Qxc4 16. Ne5 Qc7 17. Ba3 Qa5 18. Qb2 Rfc8 19. Bxb4 Qa6 
20. Be7 Ne4 21. Nxe4 dxe4 22. Qb3 Qe2 23. Qxf7+ Kh8 24. Bf6 Rg8 25. Bxg7+ 
Rxg7 26. Qd5 Qc2 27. Nf7+ Kg8 28. Ng5+ Kh8 29. Nxe4 Rf8 30. Qc5 Qxc5 31. 
Nxc5 Re8 32. Rad1 b6 33. Nb3 a5 34. Rfe1 a4 35. Na1 Rc7 36. e4 1/2-1/2

[Event "2020 Server NA Class D Finals, S04009"]
[Site "CCLA"]
[Date "2020.12.31"]
[Round "?"]
[White "Ritzmann, Andrew M."]
[Black "Harris, Jarrod"]
[Result "0-1"]
[WhiteElo "1170"]
[BlackElo "1454"]

1. d4 d6 2. Nf3 Nf6 3. c4 c6 4. Nc3 g6 5. Bg5 Bg7 6. e4 O-O 7. Bd3 Qc7 8. 
O-O Nbd7 9. Bf4 Re8 10. h3 e5 11. Be3 exd4 12. Bxd4 Ne5 13. Nxe5 dxe5 14. 
Bc5 Be6 15. Qf3 b6 16. Ba3 Rad8 17. Rad1 Nh5 18. g4 Nf4 19. Bc2 Bxc4 20. 
Rxd8 Rxd8 21. Rd1 Rxd1+ 22. Qxd1 Nxh3+ 23. Kg2 Nf4+ 24. Kh2 c5 25. b3 Ba6 
26. Nd5 Nxd5 27. Qxd5 Bb7 28. Qd2 Qe7 29. f3 Qh4+ 30. Kg2 Bh6 31. Qd7 Bf4 
32. Qxb7 Qh2+ 33. Kf1 Bg3 0-1

[Event "2020 Server NA Class D Finals, S04009"]
[Site "CCLA"]
[Date "2020.12.31"]
[Round "?"]
[White "Czeizinger, Thomas"]
[Black "Ritzmann, Andrew M."]
[Result "1-0"]
[WhiteElo "1280"]
[BlackElo "1170"]

1. e4 c6 2. d4 d5 3. Nc3 dxe4 4. Nxe4 Bf5 5. Ng3 Bg6 6. Nf3 Nf6 7. Ne5 e6 
8. Bg5 Be7 9. h4 Qd6 10. h5 Bf5 11. Nc4 Qb4+ 12. c3 Qb5 13. Nd6+ Bxd6 14. 
Bxb5 cxb5 15. Qe2 O-O 16. Bxf6 gxf6 17. Nxf5 exf5 18. Qxb5 b6 19. Rg1 Kh8 
20. Qd5 Re8+ 21. Kf1 Nd7 22. Qxd6 Rad8 23. Re1 Rxe1+ 24. Kxe1 Re8+ 25. Kf1
Nb8 26. g4 f4 27. g5 f5 28. Qf6+ Kg8 29. g6 1-0

[Event "2020 Server NA Class D Finals, S04009"]
[Site "CCLA"]
[Date "2020.12.31"]
[Round "?"]
[White "Ritzmann, Andrew M."]
[Black "Czeizinger, Thomas"]
[Result "0-1"]
[WhiteElo "1170"]
[BlackElo "1280"]

1. d4 Nf6 2. Nf3 d5 3. c4 e6 4. Bg5 Be7 5. Nc3 Nfd7 6. Qd3 Nc6 7. e4 Nb6 
8. Bxe7 Qxe7 9. c5 Nc4 10. Nb5 Nxb2 11. Qb3 dxe4 12. Qxb2 exf3 13. gxf3 a6
14. Na3 O-O 15. Rg1 e5 16. d5 Nd4 17. c6 Nxf3+ 18. Ke2 Nxg1+ 19. Ke3 bxc6 
20. dxc6 Rd8 21. Bc4 Qg5+ 22. f4 Qxf4# 0-1

[Event "Server North American Class Ch, S04011"]
[Site "CCLA"]
[Date "2020.04.25"]
[Round "?"]
[White "Ritzmann, Andrew M."]
[Black "Williams, Rufus H."]
[Result "1-0"]
[WhiteElo "1326"]
[BlackElo "1312"]

1. d4 Nf6 2. c4 d5 3. Nc3 Nc6 4. cxd5 Nxd5 5. e4 Nb6 6. Nf3 Bg4 7. d5 Ne5 
8. Nxe5 Bxd1 9. Bb5+ c6 10. dxc6 e6 11. c7+ Ke7 12. cxd8=Q+ Rxd8 13. Nxd1 
g6 14. O-O Bg7 15. Ng4 Rd4 16. Bg5+ Kf8 17. Rc1 f6 18. Nxf6 Bxf6 19. Bxf6 
Rxe4 20. Bxh8 Rf4 21. Rc7 Rf7 22. Rxf7+ Kxf7 23. Nc3 1-0

[Event "Server North American Class Ch, S04011"]
[Site "CCLA"]
[Date "2020.04.25"]
[Round "?"]
[White "Ritzmann, Andrew M."]
[Black "Simonson, Jay"]
[Result "1-0"]
[WhiteElo "1326"]
[BlackElo "1285"]

1. d4 d5 2. c4 c6 3. Nf3 Nf6 4. Nc3 g6 5. cxd5 Nxd5 6. e4 Nxc3 7. bxc3 Bg7
8. Be2 O-O 9. O-O c5 10. Be3 Qc7 11. dxc5 Bxc3 12. Rc1 Qa5 13. Bd4 Bxd4 
14. Qxd4 Qxa2 15. Bc4 Qa4 16. Bxf7+ Rxf7 17. Qxa4 Bd7 18. Qd4 Rf8 19. Qd5+
e6 20. Qxb7 Bc6 21. Qb3 Rf6 22. Ng5 Nd7 23. Nxe6 Nf8 24. Nc7+ Kg7 25. Nxa8
Bxa8 26. Qb4 Nd7 27. Rfd1 Ne5 28. f3 Nc6 29. Qc3 1-0

[Event "Server North American Class Ch, S04011"]
[Site "CCLA"]
[Date "2020.04.25"]
[Round "?"]
[White "Ritzmann, Andrew M."]
[Black "Czeizinger, Thomas"]
[Result "0-1"]
[WhiteElo "1326"]
[BlackElo "1244"]

1. d4 Nf6 2. c4 c5 3. d5 g6 4. Nc3 e6 5. e4 Bg7 6. e5 Ng8 7. Nf3 f6 8. 
dxe6 fxe5 9. Ng5 dxe6 10. Qxd8+ Kxd8 11. Nf7+ Ke7 12. Nxh8 Bxh8 13. Bg5+ 
Bf6 14. Bxf6+ Nxf6 15. Nb5 a6 16. Nc7 Ra7 17. Rd1 a5 18. Nb5 Ra6 19. Be2 
Bd7 20. Nc7 Rb6 21. b3 Rc6 22. Nb5 Ra6 23. O-O Bc6 24. Nc3 Ne4 25. Nxe4 
Bxe4 26. f3 Bf5 27. Rc1 Rd6 28. g4 Bd3 29. Bxd3 Rxd3 30. Rcd1 Rc3 31. h4 
Nc6 32. f4 Rg3+ 33. Kh2 Rxg4 34. Kh3 h5 35. fxe5 Nxe5 36. Rd2 Re4 37. Rdf2
a4 38. Rf8 Re3+ 39. Kg2 axb3 40. axb3 Rxb3 41. Rg8 Nxc4 42. Rff8 Ne3+ 43. 
Kg1 Rb1+ 44. Kf2 Rf1+ 45. Kxe3 Rxf8 46. Rg7+ Rf7 47. Rxg6 b5 48. Rg5 Rf5 
49. Rg7+ Kd6 50. Ke4 Re5+ 51. Kf4 b4 52. Rg8 b3 53. Rd8+ Kc7 54. Rd1 Rd5 
55. Rb1 c4 56. Ke4 Kd6 57. Rf1 b2 58. Rb1 c3 0-1

[Event "Server North American Class Ch, S04011"]
[Site "CCLA"]
[Date "2020.04.25"]
[Round "?"]
[White "Williams, Rufus H."]
[Black "Ritzmann, Andrew M."]
[Result "0-1"]
[WhiteElo "1312"]
[BlackElo "1326"]

1. d4 d5 2. c4 e6 3. Nc3 c6 4. Bf4 dxc4 5. e4 b5 6. Nf3 Nf6 7. h3 Bb4 8. 
Qc2 Bb7 9. e5 Nd5 10. Bd2 Nd7 11. O-O-O O-O 12. g3 Qa5 13. Kb1 c5 14. Re1 
cxd4 15. Nxd5 Bxd5 16. Bxb4 Qxb4 17. Bg2 d3 18. Qc3 Qxc3 19. bxc3 Bxf3 20.
 Bxf3 Rad8 21. Bc6 a6 22. a3 d2 23. Rd1 Nxe5 24. Bb7 Rd6 25. Kc2 Rfd8 26. 
f4 Nd3 27. Rhf1 Ne1+ 28. Rfxe1 dxe1=Q 29. Rxe1 Rd2+ 30. Kc1 Ra2 31. Kb1 
Rxa3 0-1

[Event "Server North American Class Ch, S04011"]
[Site "CCLA"]
[Date "2020.04.25"]
[Round "?"]
[White "Williams, Rufus H."]
[Black "Simonson, Jay"]
[Result "1-0"]
[WhiteElo "1312"]
[BlackElo "1285"]

1. e4 c5 2. Nf3 e6 3. d4 cxd4 4. Nxd4 Nf6 5. Nc3 d6 6. Bd3 a6 7. O-O b5 8.
 a3 Be7 9. Re1 O-O 10. Nf3 d5 11. e5 Nh5 12. b4 h6 13. Bd2 Nc6 14. Rb1 Qc7
15. h3 Nxe5 16. Nxe5 Bd6 17. Qxh5 Bxe5 18. Rxe5 f6 19. Qg6 Qxe5 20. Qh7+ 
Kf7 21. Bg6+ Ke7 22. Qxg7+ Rf7 23. Qxf7+ Kd6 24. Qf8+ Kc7 25. Qc5+ Kb8 26.
 Qb6+ Bb7 27. Be8 Qc7 28. Qxe6 Qd8 29. Bf4+ Ka7 30. Bc6 Bxc6 31. Qxc6 Rc8 
32. Qxd5 Qxd5 33. Nxd5 Rd8 34. Nxf6 Rf8 35. Be5 Rf7 36. Re1 Rf8 37. Bd4+ 
Kb7 38. Re6 Rd8 39. Bc5 Rd1+ 40. Kh2 Rd2 41. Ne8 Rxc2 42. f4 Rc3 43. f5 
Rc2 44. f6 Rf2 45. Re7+ Kc6 46. Bxf2 h5 47. f7 h4 48. f8=Q a5 49. Qf6+ Kd5
50. Qd4+ 1-0

[Event "Server North American Class Ch, S04011"]
[Site "CCLA"]
[Date "2020.04.25"]
[Round "?"]
[White "Williams, Rufus H."]
[Black "Czeizinger, Thomas"]
[Result "0-1"]
[WhiteElo "1312"]
[BlackElo "1244"]

1. e4 e5 2. Nf3 Nc6 3. Bb5 Bc5 4. O-O Nf6 5. Re1 O-O 6. c3 d5 7. Bd3 dxe4 
8. Bxe4 Nxe4 9. Rxe4 Bf5 10. Re1 e4 11. Qb3 exf3 12. Qxb7 Qd6 13. gxf3 Bh3
14. Qb3 Qf4 15. Qd5 Rfe8 16. Re3 Bd6 17. Qxd6 cxd6 0-1

[Event "Server North American Class Ch, S04011"]
[Site "CCLA"]
[Date "2020.04.25"]
[Round "?"]
[White "Simonson, Jay"]
[Black "Ritzmann, Andrew M."]
[Result "0-1"]
[WhiteElo "1285"]
[BlackElo "1326"]

1. e4 c6 2. c4 g6 3. Nc3 Bg7 4. d4 d6 5. Be3 Nf6 6. f3 a6 7. Qd2 b5 8. Bd3
Nbd7 9. O-O-O O-O 10. a3 bxc4 11. Bxc4 Rb8 12. Nge2 e6 13. d5 exd5 14. 
exd5 c5 15. Bg5 Ne5 16. Qf4 Bf5 17. Na4 h6 18. Bxf6 Qxf6 19. Bxa6 Ra8 20. 
Bb5 Rab8 21. Nec3 c4 22. Bxc4 Nxc4 23. Qxc4 Qg5+ 24. Rd2 Rbc8 25. Qf1 Rb8 
26. Ne4 Bxe4 27. fxe4 Rfc8+ 28. Kd1 Qg4+ 29. Qe2 Qd7 30. Nc3 Bxc3 31. Rc2 
Qa4 32. Qd3 Bxb2 33. Kd2 Rxc2+ 34. Qxc2 Qxc2+ 35. Ke3 Rb3+ 36. Kf4 Be5+ 
0-1

[Event "Server North American Class Ch, S04011"]
[Site "CCLA"]
[Date "2020.04.25"]
[Round "?"]
[White "Simonson, Jay"]
[Black "Williams, Rufus H."]
[Result "1-0"]
[WhiteElo "1285"]
[BlackElo "1312"]

1. e4 e5 2. Bc4 Nf6 3. d4 d6 4. Nf3 Be7 5. Bxf7+ Kxf7 6. Ng5+ Kg8 7. c3 
Qe8 8. Qb3+ Kf8 9. dxe5 dxe5 10. Na3 a6 11. O-O h6 12. Ne6+ Bxe6 13. Qxe6 
Qd7 14. Qxe5 Nc6 15. Qf4 Rc8 16. Qg3 Nxe4 17. Qf4+ Nf6 18. Be3 Bd6 19. Qf3
Re8 20. Nc4 Re7 21. Rad1 Re6 22. Bf4 Kf7 23. Rd2 Rhe8 24. Rdd1 R8e7 25. h3
Qe8 26. Bxd6 Kg8 27. Bxe7 Qxe7 28. g3 Kh8 29. Kg2 Qe8 30. Ne3 Kg8 31. Nf5 
Re5 32. Nh4 Qf7 33. Qd3 Rd5 34. Qg6 Qxg6 35. Nxg6 Rd6 36. Rxd6 cxd6 37. a4
a5 38. Rd1 d5 39. Nf4 Kf7 40. Nxd5 Nxd5 41. Rxd5 Ke6 42. Rd1 g6 43. g4 Ke7
44. b4 axb4 45. cxb4 Nxb4 46. Rb1 Na6 47. a5 Kd6 48. Rxb7 Kc5 49. Rb6 Nc7 
50. Rxg6 Kb5 51. Rxh6 Kxa5 52. Rc6 Ne8 53. g5 Kb5 54. Rc8 Ng7 55. g6 Ne6 
56. Kg3 Kb6 57. Kg4 Kb7 58. Rc1 Kb8 59. Kf5 Ng7+ 60. Kf6 Nh5+ 61. Kf7 Kb7 
62. g7 Nxg7 63. Kxg7 1-0

[Event "Server North American Class Ch, S04011"]
[Site "CCLA"]
[Date "2020.04.25"]
[Round "?"]
[White "Simonson, Jay"]
[Black "Czeizinger, Thomas"]
[Result "1/2-1/2"]
[WhiteElo "1285"]
[BlackElo "1244"]

1. e4 e5 2. Nf3 Nc6 3. Bb5 d6 4. O-O Bd7 5. c3 Nf6 6. Re1 a6 7. Ba4 b5 8. 
Bc2 Bg4 9. h3 Bh5 10. b3 d5 11. d4 Bd6 12. exd5 Nxd5 13. Be4 Nce7 14. Bxd5
Nxd5 15. Qd3 O-O 16. dxe5 Bc5 17. Bg5 f6 18. exf6 gxf6 19. Bh6 Bg6 20. Qd2
Re8 21. c4 Rxe1+ 22. Qxe1 Qe7 23. Qxe7 Nxe7 24. Nc3 Nf5 25. Bf4 Bd6 26. 
Bxd6 cxd6 27. cxb5 Bf7 28. Ne4 axb5 29. g4 Ne7 30. Nxd6 Bd5 31. Nd4 b4 32.
 Nc2 Kf8 33. Nxb4 Bxb3 34. Rb1 Be6 35. Re1 Bxa2 36. Ra1 Bd5 37. Rxa8+ Bxa8
38. Kh2 Bf3 39. Nd3 Ng6 40. Kg3 Be2 41. f3 Bxd3 42. f4 Bf1 43. f5 Ne5 44. 
Ne4 1/2-1/2

[Event "Server North American Class Ch, S04011"]
[Site "CCLA"]
[Date "2020.04.25"]
[Round "?"]
[White "Czeizinger, Thomas"]
[Black "Ritzmann, Andrew M."]
[Result "1-0"]
[WhiteElo "1244"]
[BlackElo "1326"]

1. e4 c6 2. d3 d5 3. Nf3 dxe4 4. Ng5 Nf6 5. d4 h6 6. Nh3 Bf5 7. Nc3 e6 8. 
Bc4 Bb4 9. O-O O-O 10. Bf4 Nbd7 11. a3 Bxc3 12. bxc3 Nb6 13. Qe2 Bg4 14. 
f3 exf3 15. Qd3 Nxc4 16. Qxc4 Ne4 17. Rae1 fxg2 18. Kxg2 Qh4 19. Nf2 Nxf2 
20. Rxf2 Bh3+ 21. Kg1 Qg4+ 22. Kh1 Qh4 23. Qe2 Bg4 24. Bg3 Qxg3 25. hxg3 
Bxe2 26. Rfxe2 Rad8 27. Re4 Rd5 28. c4 Rh5+ 29. Kg2 Re8 30. Re5 Rxe5 31. 
Rxe5 f6 32. Ra5 Rd8 33. c3 Rd7 34. Rxa7 g5 35. a4 e5 36. a5 Rd8 37. Kf3 
exd4 38. cxd4 Rxd4 39. Rxb7 Rd3+ 40. Kg4 Rd4+ 41. Kf5 Rxc4 42. a6 Ra4 43. 
a7 h5 44. Rb8+ Kf7 45. a8=Q Rxa8 46. Rxa8 1-0

[Event "Server North American Class Ch, S04011"]
[Site "CCLA"]
[Date "2020.04.25"]
[Round "?"]
[White "Czeizinger, Thomas"]
[Black "Williams, Rufus H."]
[Result "0-1"]
[WhiteElo "1244"]
[BlackElo "1312"]

1. d4 d5 2. c4 dxc4 3. Nf3 Nf6 4. Nc3 e6 5. e4 Be7 6. Bxc4 O-O 7. e5 a6 8.
 O-O Ne8 9. Bf4 b5 10. Bb3 Bb7 11. Bc2 f6 12. exf6 Bxf6 13. Ne4 Be7 14. 
Qd2 Nc6 15. a3 Rf7 16. Neg5 Bxg5 17. Nxg5 Re7 18. Bxh7+ Kh8 19. Qd3 Nf6 
20. Qg6 Qf8 21. Rad1 Rd8 22. Be5 Nxe5 23. Qd3 Nxd3 24. Bxd3 Bd5 25. Rd2 
Qe8 26. Re1 Qc6 27. Rc2 Qb7 28. Bf1 Rc8 29. Re5 Qb6 30. Bd3 Qxd4 31. Re3 
Ng4 32. Rh3+ Kg8 33. Rc1 Qxf2+ 34. Kh1 Qxg2# 0-1